000 00643nam a22001817a 4500
005 20231115075701.0
008 231115b |||||||| |||| 00| 0 eng d
020 _a9789994579884 ; 978388795069
041 _aEnglish
082 _a344.5 ENV
100 _lEnglish
245 _aEnvironmental Law and Policy in Namibia :
_bTowards Making Africa the Tree of Life /
_cedited by OC Ruppel and K Ruppel-Schlichting
250 _aThird Edition
260 _aWindhoek :
_bEnvironmental Law and Policy in Namibia,
_c2016
300 _bxxxii, 572 pages ;
_c25 cm.
650 _aLegal practice
_bLaw
942 _cBK
_6ALISON_BN_VRIES
999 _c652
_d652